000 00804cam a2200253 4500
001 45136
003 BD-RjUL
005 20211209053952.0
008 160723r19691966nyua b 000 0 eng
035 _a(OCoLC)ocm00230860
035 _a(BD-RjUL)45254
040 _aDLC
_cWSU
_dSER
_dm.c.
_dOCL
_dZCU
_beng
041 _aeng
082 _a338.1
_bMEE 1969
100 1 _aMellor, John Williams,
_d1928-
_9138279
245 1 4 _aThe economics of agricultural development /
_c[by] John W. Mellor.
260 _aIthaca, N.Y. :
_bCornell University Press,
_c1966 [reprint 1969]
300 _axiv, 403 p. :
_bill. ;
_c24 cm.
504 _aIncludes bibliographies.
650 0 _aAgriculture
_xEconomic aspects.
_9138280
651 0 _aDeveloping countries.
_9138281
942 _2ddc
_cBK
999 _c45136
_d45136